The musical world of Frances James and Murray Adaskin /

Bibliographic Details
Main Author: Lazarevich, Gordana
Format: Book
Language:English
Published: Toronto ; Buffalo : University of Toronto Press, [1988]
Subjects:

MARC

Tag First Indicator Second Indicator Subfields
LEADER 00000cam a2200000 a 4500
001 in00000029057
005 20151007060042.0
008 871005s1988 oncacfg b 00110ceng c
010 |a cn 87095198  
015 |a C87-95198-X 
020 |a 0802057381 :  |c $37.50 
035 |a (OCoLC)17228548 
035 |9 AAB9976AM 
040 |a CaOTU  |b eng  |c NLC  |d TXA  |d UtOrBLW 
043 |a n-cn--- 
049 |a TXAM  |c [A11111332] 
050 4 |a ML385  |b .L39 1988 
082 0 |a 780/.92/2  |2 19 
100 1 |a Lazarevich, Gordana. 
245 1 4 |a The musical world of Frances James and Murray Adaskin /  |c Gordana Lazarevich. 
264 1 |a Toronto ;  |a Buffalo :  |b University of Toronto Press,  |c [1988] 
264 4 |c ©1988 
300 |a x, 331 pages, 10 unnumbered pages of plates :  |b illustrations, portraits, music ;  |c 24 cm. 
336 |a text  |b txt  |2 rdacontent 
337 |a unmediated  |b n  |2 rdamedia 
338 |a volume  |b nc  |2 rdacarrier 
500 |a Includes index. 
504 |a Bibliography: pages 313-316. 
600 1 0 |a James, Frances,  |d 1903-1988. 
600 1 0 |a Adaskin, Murray,  |d 1906-2002. 
650 0 |a Women singers  |z Canada  |x Biography. 
650 0 |a Composers  |z Canada  |v Biography. 
650 0 |a Music teachers  |z Saskatchewan  |x Biography. 
999 |a MARS 
999 f f |s 8954ddd3-a98b-383c-85c8-5287d9db0d25  |i 227c2401-9a87-3164-a329-374b70bdbc0a  |t 0 
952 f f |p ric  |a Texas A&M University  |b Rellis Campus  |c Joint Library Facility  |d Remote Storage  |t 0  |e ML385 .L39 1988  |h Library of Congress classification  |i unmediated -- volume  |m A14811111332 
998 f f |a ML385 .L39 1988  |t 0  |l Remote Storage